|
|
|
|
| LEADER |
00000cam a2200000 c 4500 |
| 001 |
1076603653 |
| 003 |
DE-627 |
| 005 |
20251224215447.0 |
| 007 |
tu |
| 008 |
850101s1929 xx ||||| 00| ||chu c |
| 035 |
|
|
|a (DE-627)1076603653
|
| 035 |
|
|
|a (DE-576)006603653
|
| 035 |
|
|
|a (DE-599)BSZ006603653
|
| 035 |
|
|
|a (OCoLC)06908760
|
| 035 |
|
|
|a (DE-604)8050830341
|
| 040 |
|
|
|a DE-627
|b ger
|c DE-627
|e rakwb
|
| 041 |
|
|
|a chu
|a cze
|
| 082 |
0 |
|
|a 891.81
|
| 084 |
|
|
|a 1
|2 ssgn
|
| 084 |
|
|
|a BO 1805
|2 rvk
|0 (DE-625)rvk/14034:
|
| 084 |
|
|
|a KS 2275
|2 rvk
|0 (DE-625)rvk/84030:11835
|
| 245 |
0 |
0 |
|a Sborník staroslovanských literárních památek o Sv. Václavu a Sv. Lidmile
|c uspořádal Josef Vajs
|
| 264 |
|
1 |
|a V Praze
|b České Akad. Věd a Umění
|c 1929
|
| 300 |
|
|
|a 147 S., 5 Bl.
|
| 336 |
|
|
|a Text
|b txt
|2 rdacontent
|
| 337 |
|
|
|a ohne Hilfsmittel zu benutzen
|b n
|2 rdamedia
|
| 338 |
|
|
|a Band
|b nc
|2 rdacarrier
|
| 500 |
|
|
|a Text altkirchenslav. u. tschech. - Schriftproben aus Codices
|
| 583 |
1 |
|
|a Archivierung/Langzeitarchivierung gewährleistet
|f SSG
|x XA-DE-BW
|2 pdager
|5 DE-21
|
| 655 |
|
7 |
|a Quelle
|0 (DE-588)4135952-5
|0 (DE-627)105661236
|0 (DE-576)209665084
|2 gnd-content
|
| 689 |
0 |
0 |
|d s
|0 (DE-588)4212775-0
|0 (DE-627)105078174
|0 (DE-576)210211156
|2 gnd
|a Wenzellegende
|
| 689 |
0 |
|
|5 (DE-627)
|
| 700 |
1 |
|
|8 1\p
|e Hrsg.
|0 (DE-588)124286356
|0 (DE-627)085761737
|0 (DE-576)294102728
|4 edt
|a Vajs, Josef
|d 1865-1959
|
| 883 |
|
|
|8 1\p
|a cgwrk
|d 20241001
|q DE-101
|u https://d-nb.info/provenance/plan#cgwrk
|
| 935 |
|
|
|a mteo
|
| 936 |
r |
v |
|a BO 1805
|b Einzelne Heilige
|k Theologie und Religionswissenschaften
|k Patrologie und Kirchengeschichte
|k Kirchengeschichte nach Sachgebieten
|k Hagiographie
|k Quellen
|k Einzelne Heilige
|0 (DE-627)1270744046
|0 (DE-625)rvk/14034:
|0 (DE-576)200744046
|
| 936 |
r |
v |
|a KS 2275
|b Gesamtausgaben
|k Slawistik
|k Tschechische Sprache und Literatur
|k Tschechische Literatur von den Anfängen bis 1774
|k Einzelne Denkmäler
|k Legenden
|k Primärliteratur
|k Gesamtausgaben
|0 (DE-627)127098425X
|0 (DE-625)rvk/84030:11835
|0 (DE-576)20098425X
|
| 951 |
|
|
|a BO
|
| ELC |
|
|
|b 1
|
| ITA |
|
|
|a 1
|t 1
|
| LOK |
|
|
|0 000 xxxxxcx a22 zn 4500
|
| LOK |
|
|
|0 001 2051833761
|
| LOK |
|
|
|0 003 DE-627
|
| LOK |
|
|
|0 004 1076603653
|
| LOK |
|
|
|0 005 20030728000000
|
| LOK |
|
|
|0 008 030728||||||||||||||||ger|||||||
|
| LOK |
|
|
|0 040
|a DE-21
|c DE-627
|d DE-21
|
| LOK |
|
|
|0 852
|a DE-21
|
| LOK |
|
|
|0 852 1
|c Dk XIII 10.4
|9 00
|
| LOK |
|
|
|0 935
|a dika
|
| LOK |
|
|
|0 939
|a 28-07-03
|b l01
|
| LOK |
|
|
|0 000 xxxxxcx a22 zn 4500
|
| LOK |
|
|
|0 001 205183377X
|
| LOK |
|
|
|0 003 DE-627
|
| LOK |
|
|
|0 004 1076603653
|
| LOK |
|
|
|0 005 20040408000000
|
| LOK |
|
|
|0 008 860318||||||||||||||||ger|||||||
|
| LOK |
|
|
|0 040
|a DE-21-108
|c DE-627
|d DE-21-108
|
| LOK |
|
|
|0 092
|o l
|
| LOK |
|
|
|0 541
|e E 61
|
| LOK |
|
|
|0 852
|a DE-21-108
|
| LOK |
|
|
|0 852 1
|c KG 150.010
|m p
|9 00
|
| LOK |
|
|
|0 935
|a kneu
|
| LOK |
|
|
|0 936ln
|0 1288794231
|a KG 150
|
| LOK |
|
|
|0 938
|k p
|
| LOK |
|
|
|0 939
|a 18-03-86
|b l01
|
| ORI |
|
|
|a SA-MARC-ixtheoa001.raw
|
| REL |
|
|
|a 1
|
| STA |
0 |
0 |
|a Wenceslaus legend
|
| STB |
0 |
0 |
|a Légende de saint Venceslas
|
| STC |
0 |
0 |
|a Leyenda de San Venceslau
|
| STD |
0 |
0 |
|a Leggenda di San Venceslao
|
| STG |
0 |
0 |
|a Lenda de São Venceslau
|
| STH |
0 |
0 |
|a Легенда о святом Вацлаве
|
| STI |
0 |
0 |
|a Μύθος του Αγίου Βεγκεσλάου
|
| SUB |
|
|
|a REL
|
| SYG |
0 |
0 |
|a Wenzelslegende
|